000 00513nam a22001937a 4500
003 PILC
005 20160129110126.0
008 121115t xxu||||| |||| 00| 0 eng d
020 _a9787532734160
050 _aPL 2860
_b.J61 2003
082 _aFIC
_bJ56z 2003
100 _aJingming, Guo
_920266
245 _aZuo shou dao ying, you shou nian hua /
_cGuo Jingming
260 _aChina :
_bEwen,
_cc2003.
300 _a217 p. :
_bill. ;
_c20 cm
650 _aFiction.
_9746
942 _2lcc
_cBK
999 _c11445
_d11445